| 000 | 00530nam a22001697a 4500 | ||
|---|---|---|---|
| 999 |
_c8757 _d8757 |
||
| 008 | 201214b ||||| |||| 00| 0 eng d | ||
| 040 | _aBMS College of Architecture | ||
| 100 | _aK T, Kiran Sthuthi | ||
| 245 | _aKadu Mane A camouflage fo experience the wild | ||
| 300 | _avii,69p. | ||
| 500 | _a1BMAAAT070 | ||
| 502 |
_8B,Arch _NBMS Collage of Architecture, Visvesvaraya Technological University _aProject repoer _d2015 |
||
| 650 | _aNA | ||
| 700 |
_aChaitra Saraf _eGuide |
||
| 700 |
_aSharanya Iyer _eGuide |
||
| 942 |
_2ddc _cTHE |
||